Home Print Resources E-Books E-Journals IIMT Lecture Series Library Membership Form Book Recommendation Form Campus Tour Take AdmissionAbout Us Contact Us

COMPUTER ORIENTED NUMERICAL METHODS (Record no. 53962)

000 -LEADER
fixed length control field nam a22 7a 4500
003 - CONTROL NUMBER IDENTIFIER
control field OSt
005 - DATE AND TIME OF LATEST TRANSACTION
control field 20220727164153.0
008 - FIXED-LENGTH DATA ELEMENTS--GENERAL INFORMATION
fixed length control field 220727b xxu||||| |||| 00| 0 eng d
040 ## - CATALOGING SOURCE
Transcribing agency IIMT UNIVERSITY, MEERUT
100 ## - MAIN ENTRY--PERSONAL NAME
Personal name V. RAJARAMAN
245 ## - TITLE STATEMENT
Title COMPUTER ORIENTED NUMERICAL METHODS
250 ## - EDITION STATEMENT
Edition statement 3
260 ## - PUBLICATION, DISTRIBUTION, ETC.
Place of publication, distribution, etc. PRENTICE HALL OF INDIA PVT LTD
Name of publisher, distributor, etc. NEW DELHI
Date of publication, distribution, etc. 2001
300 ## - PHYSICAL DESCRIPTION
Extent 196
942 ## - ADDED ENTRY ELEMENTS (KOHA)
Source of classification or shelving scheme
Koha item type Specimen
Holdings
Withdrawn status Lost status Source of classification or shelving scheme Damaged status Not for loan Home library Current library Date acquired Cost, normal purchase price Barcode Date last seen Price effective from Koha item type Total Checkouts Date last checked out
          IIMT University Central Library Meerut IIMT University Central Library Meerut 07/27/2022 59.00 28-S-2869 07/27/2022 07/27/2022 Specimen    
          IIMT University Central Library Meerut IIMT University Central Library Meerut 07/27/2022 59.00 28-S-2870 07/27/2022 07/27/2022 Specimen    
          IIMT University Central Library Meerut IIMT University Central Library Meerut 07/27/2022 59.00 28-S-2871 03/01/2025 07/27/2022 Specimen 1 03/01/2025
          IIMT University Central Library Meerut IIMT University Central Library Meerut 07/27/2022 59.00 28-S-2872 07/27/2022 07/27/2022 Specimen    
IIMT, Central Library. All Rights Reserved IIMT,UNIVERSITY © 2023
Implemented and Customised by I CLOUDE EMS
You Are OPAC Visitor No
free web counter

Powered by Koha